00250nam a22001097a 4500020001800000040000900018082001600027100002100043245001400064260004800078650001400126 a9780125180450 cNust a004.67bVAU aVaughan-Nicholas aIntranets aBoston:bAP Professional Publishing,c1997. aIntranets